|
|
|
|
| LEADER |
01521nam a2200421 a 4500 |
| 001 |
000580439 |
| 003 |
CZ BrMZK |
| 005 |
20061218111711.0 |
| 007 |
ta |
| 008 |
010825s2001 xr e p cze d |
| 015 |
|
|
|a cnb001065447
|
| 020 |
|
|
|a 80-7082-831-5
|
| 035 |
|
|
|a (OCoLC)85022830
|
| 040 |
|
|
|a BOA001
|b cze
|
| 072 |
|
7 |
|a 669
|x Metalurgie
|2 Konspekt
|9 19
|
| 072 |
|
7 |
|a 37.016
|x Učební osnovy. Vyučovací předměty. Učebnice
|2 Konspekt
|9 22
|
| 080 |
|
|
|a 669.01
|2 MRF
|
| 080 |
|
|
|a 620.2
|2 MRF
|
| 080 |
|
|
|a 81'373.46
|2 MRF
|
| 080 |
|
|
|a (075.8)
|2 MRF
|
| 080 |
|
|
|a (038.072)
|2 MRF
|
| 100 |
1 |
|
|a Skálová, Jana
|7 xx0000932
|4 aut
|
| 245 |
1 |
0 |
|a Fyzikálně metalurgický slovník /
|c Jana Skálová
|
| 250 |
|
|
|a 1. vyd.
|
| 260 |
|
|
|a Plzeň :
|b Západočeská univerzita v Plzni,
|c 2001
|
| 300 |
|
|
|a 88 s. ;
|c 20 cm
|
| 504 |
|
|
|a Obsahuje bibliografii
|
| 521 |
|
|
|a Pro studenty FST a FAV
|
| 650 |
0 |
7 |
|a fyzikální metalurgie
|7 ph120438
|2 czenas
|
| 650 |
0 |
7 |
|a nauka o materiálu
|7 ph138392
|2 czenas
|
| 650 |
0 |
7 |
|a oborová terminologie
|7 ph138998
|2 czenas
|
| 655 |
|
7 |
|a učebnice vysokých škol
|7 fd133772
|2 czenas
|
| 655 |
|
7 |
|a výkladové slovníky
|7 fd133855
|2 czenas
|
| 710 |
2 |
|
|a Západočeská univerzita.
|b Strojní fakulta
|7 kn20010709439
|
| 910 |
|
|
|a BOA001
|b 2-1094.295
|
| 990 |
|
|
|a BK
|
| 996 |
6 |
|
|b 2610148677
|c 2-1094.295
|l MZK
|r Sklad / do 1 hodiny
|n 0
|p p.v.
|w 000580439
|u 000010
|a 1
|e BOA001
|j MZK50
|s P
|
| 996 |
7 |
|
|b 2610149456
|c 2-1094.295
|l MZK
|r Sklad / do 1 hodiny
|n 5
|p kup
|w 000580439
|u 000020
|a 1
|e BOA001
|j MZK50
|s A
|